| 000 | 01095cab a2200289 4500 | ||
|---|---|---|---|
| 001 | ABS55477 | ||
| 008 | 090401t1996 xxu||||| |||| 00| 0 eng d | ||
| 035 | _a(Sirsi) u16795 | ||
| 041 | _aeng | ||
| 100 | _aClift, M. | ||
| 245 | _aBuilding quality assessment (BQA) for offices | ||
| 260 | _c1996 | ||
| 350 | _a0 | ||
| 490 |
_aStructural Survey _v14(2) July 1996, 22-25(4) |
||
| 520 | _aDescribes a computerised system Building Quality Assessment, that scores the performance of office buildings against requirements of different user groups. May be applied to portfolio and asset management, rent review, investment appraisal, purchasing and selling, defining quality for new build and refurbishment, and judging alternative designs. | ||
| 650 | _aBUILDING APPRAISAL | ||
| 650 | _aBUILDING QUALITY ASSESSMENT | ||
| 650 | _aINVESTMENT APPRAISAL | ||
| 650 | _aOFFICE BUILDINGS | ||
| 650 | _aPERFORMANCE | ||
| 650 | _aPORTFOLIO MANAGEMENT | ||
| 650 | _aRENT REVIEWS | ||
| 650 | _aSPECIFICATION | ||
| 690 | _aPROPERTY-COMMERCIAL PROPERTY | ||
| 942 | _n0 | ||
| 948 | _c04/03/1997 | ||
| 999 |
_c11110 _d11110 |
||